000 00758 a2200229 4500
005 20180312141950.0
008 131028s1985 sp a ar|||| 00| 0 spa d
020 _a8426114806
040 _aCO-BoUCM
_bspa
_cJose A. Gerena
_dDiana Londoño
041 0 0 _aspa
100 1 _aVilarrubias, Pía
_949229
245 1 0 _a¿Dónde está la mariquita?
_cPía Vilarrubias
250 _a3a Ed
260 _c1985
_bJuventud
_aBarcelona (España)
300 _a[14] páginas
_bilustraciones a color
490 _aTina-ton
_v1
650 7 _aCuentos ilustrados para niños
_937305
650 7 _aLiteratura infantil española
_918684
690 _942863
_aLiteratura europea
942 _a18
_cLIBRO
_e3
_mV697e
_2DEWEY
_h868.64
_n0
999 _c183168
_d183168